Region zu Land #2 - Statistiken

Allgemein
  • Dieses Quiz wurde 211 mal gespielt
  • Das Durchschnittsergebnis liegt bei 14 aus 18
Antwortstatistiken
Region Land % Korrekt
Sizilien Italien
95%
Gran Canaria Spanien
94%
Flandern Belgien
89%
Tibet China
89%
Gotland Schweden
87%
Burgenland Österreich
85%
Åland Finnland
84%
Frieslande Niederlande
81%
Anatolien Türkei
80%
Tabasco Mexiko
75%
Mähren Tschechien
75%
Siebenbürgen Rumänien
73%
Sinai-Halbinsel Ägypten
72%
Kamtschatka Russland
72%
Goa Indien
71%
Hainan China
65%
Guam Vereinigte Staaten
58%
Tahiti Frankreich
38%
Keine übereinstimmenden Quizze gefunden
Verteilung der Resultate
Anzahl Personen mit jedem Resultat
Perzentil nach korrekt beantworteten Fragen
Ihre Resultats-Entwicklung
Sie haben dieses Quiz noch nicht gespielt